Statistics for NBA Players from Holy Cross

Click here to take the quiz!

General Stats

  • This quiz has been taken 7 times
  • The average score is 4 of 10

Answer Stats

PositionPlayerDraft Year% Correct
PGBob Cousy1950
100%
PFTommy Heinsohn1956
86%
GJack Foley1962
43%
SFMalcolm Miller2015
43%
GGeorge Kaftan1949
29%
FTogo Palazzi1954
29%
GGarry Witts1981
14%
GGeorge Blaney1961
14%
GJoe Mullaney1949
14%
SGKevin Stacom1973
14%

Score Distribution

Percentile by Number Answered

Percent of People with Each Score

Your Score History

You have not taken this quiz